Chceme byť proste Tesco
Rozhovor s riaditeľom spoločnosti Tesco pre strednú Európu, Mattom Simisterom. Kolovali špekulácie o možnom ústupe firmy Tesco zo strednej Európy, ale vedenie perspektívny región nakoniec neopustí. Firma však pristúpi k viacerým zmenám. Cieľom je stať sa súčasťou skupiny s trvalo udržateľným rozvojo...
Na minha lista:
| Autor principal: | |
|---|---|
| Outros Autores: | , |
| Formato: | Capítulo de Livro |
| Idioma: | eslovaco |
| Assuntos: | |
| Tags: |
Sem tags, seja o primeiro a adicionar uma tag!
|
MARC
| LEADER | 00000naa$a2200000$$$4500 | ||
|---|---|---|---|
| 001 | 0238205 | ||
| 005 | 20221104112435.2 | ||
| 041 | 0 | |a slo | |
| 044 | |a CZ | ||
| 245 | 1 | 0 | |a Chceme byť proste Tesco |c Petr Hříbal, Jeffrey Osterroth, Matt Simister |
| 520 | |a Rozhovor s riaditeľom spoločnosti Tesco pre strednú Európu, Mattom Simisterom. Kolovali špekulácie o možnom ústupe firmy Tesco zo strednej Európy, ale vedenie perspektívny región nakoniec neopustí. Firma však pristúpi k viacerým zmenám. Cieľom je stať sa súčasťou skupiny s trvalo udržateľným rozvojom a vo vzťahu k dodávateľom aj zákazníkom byť proste Tesco. | ||
| 610 | 2 | 0 | |a potraviny |
| 610 | 2 | 0 | |a reťazce obchodné |
| 610 | 2 | 0 | |a inovácia |
| 610 | 2 | 0 | |a stredná Európa |
| 100 | 1 | |a Hříbal, Petr | |
| 700 | 1 | |a Osterroth, Jeffrey | |
| 700 | 1 | |a Simister, Matt | |